000 00770nam a2200229 a 4500
999 _c4501
_d4501
001 4501
003 BD-JhCC
005 20180217185140.0
008 171127s1370 bg |||| ||a| 001 0 ben d
035 _a(BD-JhCC)4501
040 _aBD-JhCC
_dBD-JhCC
041 _aben
082 _a954.03
_bHAN 1370
100 _aহান্টার, উইলিয়াম
245 _aদি ইণ্ডিয়ান মুসলমানস /
_cউইলিয়াম হান্টার; আবদুল মওদুদ (অনুদিত)
260 _aঢাকা :
_bবাংলা একাডেমী,
_c1370.
300 _a216 p. :
_c22 cm.
650 _aMuslim India
700 _aমওদুদ, আবদুল
942 _2ddc
_cBK